Damage mechanics in composites : presented at the Winter Annual Meeting of the American Society of Mechanical Engineers, Boston, Massachusetts, December 13-18, 1987 /

Bibliographic Details
Corporate Authors: American Society of Mechanical Engineers. Winter Annual Meeting, American Society of Mechanical Engineers. Aerospace Division, Symposium on Damage Mechanics in Composites
Other Authors: Wang, Albert S. D., Haritos, G. K.
Format: Conference Proceeding Book
Language:English
Published: New York, N.Y. (345 E. 47th St., New York 10017) : ASME, ©1987.
Series:AD (Series) ; vol. 12.
Subjects:

MARC

Tag First Indicator Second Indicator Subfields
LEADER 00000cam a2200000 a 4500
001 in00000013851
008 881028s1987 nyua b 100 0 eng
005 20250225211906.0
010 |a  87073090  
019 |a 17416270 
029 1 |a NZ1  |b 5022280 
035 |a (OCoLC)ocm18837253  
035 |a (OCoLC)18837253  |z (OCoLC)17416270 
035 |a (OCoLC)ocm18837253  
040 |a DLC  |b eng  |c DLC  |d OCL  |d BTCTA  |d CLU  |d WAU  |d OCLCO  |d OCLCF  |d OCLCA  |d OCLCQ  |d OCLCO  |d OCL  |d OCLCO  |d OCLCQ  |d OCLCL  |d OCLCO 
050 1 4 |a TA418.9.C6  |b D27 1987 
082 0 |a 620.1/18  |2 19 
245 0 0 |a Damage mechanics in composites :  |b presented at the Winter Annual Meeting of the American Society of Mechanical Engineers, Boston, Massachusetts, December 13-18, 1987 /  |c sponsored by the Aerospace Division, ASME ; edited by A.S.D. Wang, G.K. Haritos. 
260 |a New York, N.Y. (345 E. 47th St., New York 10017) :  |b ASME,  |c ©1987. 
300 |a v, 105 pages :  |b illustrations ;  |c 28 cm. 
336 |a text  |b txt  |2 rdacontent 
337 |a unmediated  |b n  |2 rdamedia 
338 |a volume  |b nc  |2 rdacarrier 
490 1 |a AD ;  |v vol. 12 
500 |a Papers presented at the Symposium on Damage Mechanics in Composites. 
504 |a Includes bibliographical references. 
650 0 |a Composite materials  |x Fracture  |v Congresses. 
650 0 |a Continuum damage mechanics  |v Congresses. 
650 6 |a Composites  |x Rupture  |v Congrès. 
650 6 |a Mécanique de l'endommagement  |v Congrès. 
650 7 |a Composite materials  |x Fracture  |2 fast 
650 7 |a Continuum damage mechanics  |2 fast 
655 7 |a Conference papers and proceedings  |2 fast 
700 1 |a Wang, Albert S. D. 
700 1 |a Haritos, G. K. 
710 2 |a American Society of Mechanical Engineers.  |b Winter Annual Meeting.  |1 https://id.oclc.org/worldcat/entity/E39QQPVp7VXBvBmCHkf3hPx6Wt 
710 2 |a American Society of Mechanical Engineers.  |b Aerospace Division.  |1 https://id.oclc.org/worldcat/entity/E39QQPVp7Y3MQFCCJTJ97qXvgg 
711 2 |a Symposium on Damage Mechanics in Composites  |d (1987 :  |c Boston, Mass.) 
758 |i has work:  |a Damage mechanics in composites (Text)  |1 https://id.oclc.org/worldcat/entity/E39PD3pxFGGw9JvkfR3KFCXgjy  |4 https://id.oclc.org/worldcat/ontology/hasWork 
830 0 |a AD (Series) ;  |v vol. 12. 
938 |a Baker and Taylor  |b BTCP  |n 87073090 //r89 
948 |h HELD BY TXA - 56 OTHER HOLDINGS 
994 |a Z0  |b TXA 
999 f f |s e334828c-9208-3ef8-a761-87bccb23a69d  |i a11792d0-dcab-32f5-a8b9-32fee0f0cb97  |t 0 
952 f f |p ric  |a Texas A&M University  |b Rellis Campus  |c Joint Library Facility  |s JLF  |d Remote Storage  |t 0  |e TA418.9.C6 A43 1987  |h Library of Congress classification  |i unmediated -- volume  |m A14811488771